| Tag |
First Indicator |
Second Indicator |
Subfields |
| LEADER |
00000cam a2200000Ia 4500 |
| 001 |
in00002045521 |
| 005 |
20151101060333.0 |
| 008 |
040413s2003 txua b s000 0 eng d |
| 035 |
|
|
|a (OCoLC)ocm54942677
|
| 040 |
|
|
|a IKM
|c IKM
|d OCLCQ
|d TXA
|d UtOrBLW
|
| 049 |
|
|
|a TXAM
|
| 086 |
|
|
|a Z TA245.7 L47 NO.5433
|2 txdocs
|
| 100 |
1 |
|
|a Provin, Tony Lee.
|
| 245 |
1 |
0 |
|a Nitrates and prussic acid in forages :
|b sampling, testing and management strategies /
|c T.L. Provin and J.L. Pitt.
|
| 264 |
|
1 |
|a [College Station, Tex.] :
|b Texas Cooperative Extension, Texas A & M University System,
|c [2003]
|
| 300 |
|
|
|a 1 folded sheet 5 unnumbered pages :
|b illustrations ;
|c 28 cm.
|
| 336 |
|
|
|a text
|b txt
|2 rdacontent
|
| 337 |
|
|
|a unmediated
|b n
|2 rdamedia
|
| 338 |
|
|
|a sheet
|b nb
|2 rdacarrier
|
| 500 |
|
|
|a Caption title.
|
| 500 |
|
|
|a "L-5433 1-03."
|
| 504 |
|
|
|a Includes bibliographical references (page [5]).
|
| 650 |
|
0 |
|a Nitrates
|x Toxicology.
|
| 650 |
|
0 |
|a Hydrocyanic acid
|x Toxicology.
|
| 650 |
|
0 |
|a Forage plants.
|
| 650 |
|
0 |
|a Veterinary toxicology.
|
| 650 |
|
0 |
|a Cattle
|x Health.
|
| 710 |
2 |
|
|a Texas Cooperative Extension.
|
| 994 |
|
|
|a C0
|b TXA
|
| 948 |
|
|
|a cataloged
|b h
|c 2005/04/14
|e avega
|f 5:34:38 pm
|
| 999 |
|
|
|a MARS
|
| 999 |
f |
f |
|s e221cabf-9cff-318a-8248-f0991af9d4a8
|i dd702f48-6d67-3b2c-ad6c-9df85549d2c0
|t 0
|
| 952 |
f |
f |
|p normal
|a Texas A&M University
|b College Station
|c Sterling C. Evans Library
|d Evans: Texas Documents (Annex 5th floor)
|t 0
|e Z TA245.7 L47 NO.5431-5465
|h Superintendent of Documents classification
|i unmediated -- sheet
|m A14832119298
|
| 952 |
f |
f |
|a Texas A&M University
|b College Station
|c Sterling C. Evans Library
|d Evans: Texas Documents (Annex 5th floor)
|t 0
|e Z TA245.7 L47 NO.5431-5465
|h Superintendent of Documents classification
|
| 998 |
f |
f |
|a Z TA245.7 L47 NO.5431-5465
|s no.5431,5433-5434,5437-5441,5443,5450-5453,5457,5461-5465
|t 0
|l Evans: Texas Documents (Annex 5th floor)
|